000
00301nam a2200145Ia 4500
100
_a
Schmitt/ Friedhelm
942
_c
BK
654
_a
SCSI
245
_a
SCSI Bus and IDE Interface
260
_b
Addison Wesly
_c
1995
082
_a
4.62
_b
SCH
300
_a
301
546
_a
ENGLISH
999
_c
35183
_d
35183